Flags With Gravity - Sudden Death - Statistics

General Stats
  • This quiz has been taken 501 times
  • The average score is 8 of 12
Answer Stats
Picture Answer % Correct
Spain
82%
Argentina
79%
Brazil
78%
Papua New Guinea
78%
China
77%
Barbados
76%
North Macedonia
76%
Panama
76%
Fiji
75%
Lesotho
75%
Kazakhstan
73%
New Zealand
73%
Taiwan
73%
Israel
72%
East Timor
71%
Kosovo
71%
North Korea
71%
Turkey
71%
Turkmenistan
71%
Angola
70%
Eritrea
70%
Bosnia and Herzegovina
69%
Pakistan
69%
Tonga
69%
Libya
68%
Tunisia
68%
Belize
66%
Honduras
66%
Azerbaijan
65%
Laos
65%
Nauru
65%
Saudi Arabia
65%
Maldives
63%
Venezuela
63%
Algeria
60%
Paraguay
59%
Zambia
59%
Mauritania
58%
Bahrain
57%
Saint Vincent and the Grenadines
57%
Suriname
57%
Australia
56%
Samoa
54%
Solomon Islands
54%
Federated States of Micronesia
53%
Tuvalu
50%
Saint Kitts and Nevis
48%
El Salvador
47%
No matching quizzes found
Score Distribution
Percent of People with Each Score
Percentile by Number Answered
Your Score History
You have not taken this quiz